| 000 -LEADER |
| fixed length control field |
00681nam a22001817a 4500 |
| 005 - DATE AND TIME OF LATEST TRANSACTION |
| control field |
20240313112908.0 |
| 008 - FIXED-LENGTH DATA ELEMENTS--GENERAL INFORMATION |
| fixed length control field |
240313s1981 ru ||||| |||| 00| 0 rus d |
| 041 ## - LANGUAGE CODE |
| Language code of text/sound track or separate title |
rus |
| 080 ## - UNIVERSAL DECIMAL CLASSIFICATION NUMBER |
| Universal Decimal Classification number |
821(37) Ф-33 |
| 100 ## - MAIN ENTRY--PERSONAL NAME |
| Personal name |
Федоров, Н.А. |
| 9 (RLIN) |
20793 |
| 245 ## - TITLE STATEMENT |
| Title |
Античная литература : |
| Remainder of title |
Рим. Хрестоматия / |
| Statement of responsibility, etc. |
Н. А. Федоров, В. И. Мирошенкова. |
| 264 ## - PRODUCTION, PUBLICATION, DISTRIBUTION, MANUFACTURE, AND COPYRIGHT NOTICE |
| Place of production, publication, distribution, manufacture |
Москва : |
| Name of producer, publisher, distributor, manufacturer |
Высшая школа, |
| Date of production, publication, distribution, manufacture, or copyright notice |
1981. |
| 300 ## - PHYSICAL DESCRIPTION |
| Extent |
607 с. |
| Other physical details |
21 см. |
| 653 ## - INDEX TERM--UNCONTROLLED |
| keyword |
უძველესი ლიტერატურა |
| 653 ## - INDEX TERM--UNCONTROLLED |
| keyword |
რომი |
| 700 ## - ADDED ENTRY--PERSONAL NAME |
| Personal name |
Мирошенкова, В. И. |
| Relator term |
ავტორი |
| 9 (RLIN) |
21407 |
| 942 ## - ADDED ENTRY ELEMENTS (KOHA) |
| Source of classification or shelving scheme |
|
| Koha item type |
წიგნი |